Sports Quiz

Random Sports or NBA Quiz
Score 0/70 Timer 13:00
0 Plays Today
Debut Player % Correct
2003LeBron James
93.3%
1984Michael Jordan
88.9%
1996Kobe Bryant
83.1%
2007Kevin Durant
79.2%
1960Jerry West
78.5%
1992Shaquille O'Neal
74.8%
1959Wilt Chamberlain
74.4%
2008Russell Westbrook
71.2%
2009James Harden
69.4%
1979Larry Bird
69.3%
2018Trae Young
68.8%
1969Kareem Abdul-Jabbar
68.4%
1985Karl Malone
62.8%
1998Dirk Nowitzki
57.4%
2017Donovan Mitchell
56.2%
1978Mike Mitchell
55.8%
1989David Robinson
54.8%
1994Glenn Robinson
54.7%
2011Kyrie Irving
54%
2016Joel Embiid
53.2%
1997Tracy McGrady
48.2%
1958Elgin Baylor
43.5%
2012Damian Lillard
43%
1962John Havlicek
40.5%
2014Andrew Wiggins
39.7%
1987Reggie Miller
38.5%
1957Sam Jones
38.3%
2015Devin Booker
38.2%
1954Bob Pettit
38%
1991Steve Smith
37.6%
1971Randy Smith
37.6%
1982Dominique Wilkins
37.3%
1983Clyde Drexler
37.2%
2010Paul George
36.9%
2013Giannis Antetokounmpo
34.4%
Debut Player % Correct
1968Elvin Hayes
33.4%
1993Chris Webber
33.2%
2002Amar'e Stoudemire
29.9%
1970Pete Maravich
29.6%
1965Rick Barry
29.2%
1977Bernard King
28.5%
1990Gary Payton
28.2%
1964Willis Reed
25.6%
1976Adrian Dantley
25.4%
1972Bob McAdoo
25.4%
2006LaMarcus Aldridge
24.5%
1995Kevin Garnett
23.4%
2001Gilbert Arenas
22.1%
1999Elton Brand
21.7%
1949Dolph Schayes
20.5%
1988Mitch Richmond
20.1%
2000Michael Redd
18.5%
1967Earl Monroe
17.9%
2005Monta Ellis
17%
2004Kevin Martin
16.1%
1950Paul Arizin
15.6%
1981Mark Aguirre
14.9%
1961Walt Bellamy
13.4%
1975World B. Free
11.8%
1963Nate Thurmond
10.5%
1980Kiki Vandeweghe
9.2%
1951Neil Johnston
6.4%
1966Lou Hudson
5.5%
1955Jack Twyman
5.4%
1953George Yardley
4.5%
1973Doug Collins
4.3%
1986Chuck Person
4.1%
1956Cliff Hagan
4%
1974John Drew
2.6%
1952Jim Baechtold
0.5%
Remove Ads.
Support Sporcle.
Get the best of Sporcle when you Go Orange. This ad-free experience offers more features, more stats, and more fun while also helping to support Sporcle. Thank you for becoming a member.

You're not logged in!

Compare scores with friends on all Sporcle quizzes.
OR
Log In

Show Comments

Extras

Top Quizzes Today


Score Distribution

Your Account Isn't Verified!

In order to create a playlist on Sporcle, you need to verify the email address you used during registration. Go to your Sporcle Settings to finish the process.

Report this User

Report this user for behavior that violates our Community Guidelines.

Details: